<?xml version="1.0" encoding="UTF-8"?>
<record
    xmlns:xsi="http://www.w3.org/2001/XMLSchema-instance"
    xsi:schemaLocation="http://www.loc.gov/MARC21/slim http://www.loc.gov/standards/marcxml/schema/MARC21slim.xsd"
    xmlns="http://www.loc.gov/MARC21/slim">

  <leader>02148nam a22002537a 4500</leader>
  <controlfield tag="005">20260508105039.0</controlfield>
  <controlfield tag="008">260323b        |||||||| |||| 00| 0 eng d</controlfield>
  <datafield tag="020" ind1=" " ind2=" ">
    <subfield code="a">9788131269121</subfield>
  </datafield>
  <datafield tag="040" ind1=" " ind2=" ">
    <subfield code="c">AL</subfield>
  </datafield>
  <datafield tag="041" ind1=" " ind2=" ">
    <subfield code="a">eng</subfield>
  </datafield>
  <datafield tag="082" ind1=" " ind2=" ">
    <subfield code="a">515.35</subfield>
    <subfield code="b">ABED</subfield>
  </datafield>
  <datafield tag="100" ind1=" " ind2=" ">
    <subfield code="a">Martha L Abell</subfield>
    <subfield code="9">263595</subfield>
  </datafield>
  <datafield tag="245" ind1=" " ind2=" ">
    <subfield code="a">Differential equations with mathematica </subfield>
  </datafield>
  <datafield tag="250" ind1=" " ind2=" ">
    <subfield code="a">5</subfield>
  </datafield>
  <datafield tag="260" ind1=" " ind2=" ">
    <subfield code="a">New Delhi</subfield>
    <subfield code="b">Elsevier</subfield>
    <subfield code="c">2023</subfield>
  </datafield>
  <datafield tag="300" ind1=" " ind2=" ">
    <subfield code="a">ix,592p</subfield>
    <subfield code="b">PB</subfield>
    <subfield code="c">28x21.5cm</subfield>
  </datafield>
  <datafield tag="365" ind1=" " ind2=" ">
    <subfield code="2">Information Science and Engineering</subfield>
    <subfield code="a">VBI-2645</subfield>
    <subfield code="b">&#x20B9;2996.25</subfield>
    <subfield code="c">&#x20B9;</subfield>
    <subfield code="d">&#x20B9;3995.00</subfield>
    <subfield code="e">25%</subfield>
    <subfield code="f">20-02-2026</subfield>
  </datafield>
  <datafield tag="520" ind1=" " ind2=" ">
    <subfield code="a">Fully updated to version 10 of Mathematica, Differential Equations with Mathematica 4th edition is a supplementing reference which uses the fundamental concepts of the popular platform to solve (analytically, numerically, and / or graphically) differential equations of interest to students, instructors, and scientists.
Mathematica&#x2019;s diversity makes it particularly well suited to performing calculations encountered when solving many ordinary and partial differential equations. In some cases, Mathematica&#x2019;s built-in functions can immediately solve a differential equation by providing an explicit, implicit, or numerical solution; in other cases, Mathematica can be used to perform the calculations encountered when solving a differential equation.
Because one goal of elementary differential equations courses is to introduce students to basic methods and algorithms and have the student gain proficiency in them, nearly every topic covered in Differential Equations with Mathematica introduces basic commands and includes typical examples of application of them. A study of differential equations relies on concepts from calculus and linear algebra so the text also includes discussions of relevant commands useful in those areas. In many cases, seeing a solution graphically is most meaningful so the book relies heavily on Mathematica&#x2019;s outstanding graphics capabilities.</subfield>
  </datafield>
  <datafield tag="650" ind1=" " ind2=" ">
    <subfield code="a">Laplace transform methods</subfield>
    <subfield code="9">259014</subfield>
  </datafield>
  <datafield tag="650" ind1=" " ind2=" ">
    <subfield code="a">First order equations</subfield>
    <subfield code="9">259015</subfield>
  </datafield>
  <datafield tag="650" ind1=" " ind2=" ">
    <subfield code="a">Numerical methods</subfield>
    <subfield code="9">259016</subfield>
  </datafield>
  <datafield tag="700" ind1=" " ind2=" ">
    <subfield code="a">Braselton, James P</subfield>
    <subfield code="9">259017</subfield>
  </datafield>
  <datafield tag="942" ind1=" " ind2=" ">
    <subfield code="2">ddc</subfield>
    <subfield code="c">BK</subfield>
  </datafield>
  <datafield tag="999" ind1=" " ind2=" ">
    <subfield code="c">241037</subfield>
    <subfield code="d">241037</subfield>
  </datafield>
  <datafield tag="952" ind1=" " ind2=" ">
    <subfield code="0">0</subfield>
    <subfield code="1">0</subfield>
    <subfield code="2">ddc</subfield>
    <subfield code="4">0</subfield>
    <subfield code="7">0</subfield>
    <subfield code="8">ISE</subfield>
    <subfield code="a">SE</subfield>
    <subfield code="b">SE</subfield>
    <subfield code="d">2026-02-20</subfield>
    <subfield code="e">Vidyathri Books, Bengaluru-560076</subfield>
    <subfield code="g">2996.25</subfield>
    <subfield code="l">0</subfield>
    <subfield code="o">515.35 ABED</subfield>
    <subfield code="p">SE000351</subfield>
    <subfield code="r">2026-03-23 11:11:06</subfield>
    <subfield code="u">https://www.scribd.com/doc/313829195/Abell-Differential-Equations-With-Mathematica</subfield>
    <subfield code="v">3995.00</subfield>
    <subfield code="w">2026-02-20</subfield>
    <subfield code="y">BK</subfield>
  </datafield>
</record>
